| Tag |
First Indicator |
Second Indicator |
Subfields |
| LEADER |
00000cam a22000008a 4500 |
| 001 |
in00000086121 |
| 005 |
20151008062545.0 |
| 008 |
810102s1981 enka b 10110 engm |
| 010 |
|
|
|a 80041607
|
| 015 |
|
|
|a GB81
|
| 020 |
|
|
|a 008025697X :
|c 62.00
|
| 035 |
|
|
|a (OCoLC)07197428
|
| 035 |
|
|
|9 AAK0473AM
|
| 039 |
0 |
|
|a 2
|b 3
|c 3
|d 3
|e 3
|
| 040 |
|
|
|a DLC
|c DLC
|d m.c.
|d OCL
|d TXA
|d UtOrBLW
|
| 049 |
|
|
|a TXAM
|v 1 [1672155]
|v 2 [1672156]
|
| 050 |
0 |
0 |
|a TK9204
|b .S89 1980
|
| 082 |
0 |
|
|a 621.48/4
|2 19
|
| 111 |
2 |
|
|a Symposium on Fusion Technology
|n (11th :
|d 1980 :
|c Oxford, England)
|
| 245 |
1 |
0 |
|a Fusion technology 1980 :
|b proceedings of the eleventh symposium, The Examination Schools, Oxford, UK, 15-19 September 1980.
|
| 250 |
|
|
|a 1st ed.
|
| 263 |
|
|
|a 8102
|
| 264 |
|
1 |
|a Oxford ;
|a New York :
|b Published for the Commission of the European Communities by Pergamon Press,
|c 1981.
|
| 300 |
|
|
|a 2 volumes (xviii, 1320 pages) :
|b illustrations ;
|c 30 cm.
|
| 336 |
|
|
|a text
|b txt
|2 rdacontent
|
| 337 |
|
|
|a unmediated
|b n
|2 rdamedia
|
| 338 |
|
|
|a volume
|b nc
|2 rdacarrier
|
| 504 |
|
|
|a Includes bibliographies and index.
|
| 650 |
|
0 |
|a Fusion reactors
|v Congresses.
|
| 650 |
|
0 |
|a Controlled fusion
|v Congresses.
|
| 710 |
2 |
|
|a Commission of the European Communities.
|
| 999 |
|
|
|a MARS
|
| 999 |
f |
f |
|s 01a3aba2-faf2-33ef-bd04-3b1285a242b0
|i 0f146a8b-1d25-3bc9-a753-abf029d69d03
|t 0
|
| 952 |
f |
f |
|p ric
|a Texas A&M University
|b Rellis Campus
|c Joint Library Facility
|d Remote Storage
|t 0
|e TK9204 .S89 1980
|h Library of Congress classification
|i unmediated -- volume
|k v.2
|m A14806253357
|
| 952 |
f |
f |
|p ric
|a Texas A&M University
|b Rellis Campus
|c Joint Library Facility
|d Remote Storage
|t 0
|e TK9204 .S89 1980
|h Library of Congress classification
|i unmediated -- volume
|k v.1
|m A14806253349
|
| 998 |
f |
f |
|a TK9204 .S89 1980
|s v.1-2
|t 0
|l Remote Storage
|